| 000 | 01181cam a22003737a 4500 | ||
|---|---|---|---|
| 003 | CHAP | ||
| 005 | 20220329142515.0 | ||
| 008 | 010810d2000 mx r 00110 spa d | ||
| 010 | _a84447 | ||
| 011 | _a85419 | ||
| 020 | _a9682300673 | ||
| 035 | _a95952 | ||
| 040 | _cCHAP | ||
| 082 | 0 | 4 |
_a972 _bP6 1985 |
| 100 | 0 | 0 |
_aPozas, Ricardo. _991196 |
| 245 | 1 | 4 |
_aLos indios en las clases sociales de México _c/por Ricardo Pozas e Isabel H. de Pozas |
| 250 | _a14 ed. | ||
| 260 |
_aMéxico, D.F. : _bSiglo Veintiuno, _c1985. |
||
| 300 | _a181 p. | ||
| 490 | 0 | _aAntropología | |
| 590 |
_aBATCH-UPD _b10 _c20130110 _lUCH01 _h0557 |
||
| 590 |
_aBATCH-UPD _b10 _c20130410 _lUCH01 _h0239 |
||
| 590 |
_aBATCH-UPD _b10 _c20130914 _lUCH01 _h0946 |
||
| 590 |
_aBATCH-UPD _b10 _c20191025 _lUCH01 _h1117 |
||
| 590 |
_aCONVERSION _b10 _c20130109 _lUCH01 _h1347 |
||
| 650 | 0 | 4 |
_aClases sociales. _923673 |
| 650 | 0 | 4 |
_aIndios de México _xCondiciones sociales. _957626 |
| 700 | 0 | 0 |
_aPozas, Isabel H. de. _991194 |
| 830 | 0 |
_aAntropología _96134 |
|
| 901 | _aBK | ||
| 905 | _aAlejandra Carrasco M.2 | ||
| 942 | _cLIBRO | ||
| 949 |
_a972 P6 1985 _bBC _cLIBRO _d33724000843652 _eLIBRO _h100589 _i95952 _si |
||
| 999 |
_c84447 _d84447 |
||